000 00744nam a2200193 i 4500
001 10344
003 ES-MaACL
005 20231226160019.0
007 t|
008 950511s1995 sp |||| | spa d
100 1 _aHernández Prieto, María Isabel.
_963028
245 1 0 _aEn recuerdo de José Martí ;
_bLas rosas : al centenario de la muerte del escritor cubano José Martí /
_cMaría Isabel Hernández Prieto.
260 _aLas Palmas de Gran Canaria :
_bDiario de las Palmas,
_c1995.
300 _a2 h. ;
_c33 cm.
594 _aRecortes de prensa de 2 textos publ. en: Diario de las Palmas, 25 de marzo y 13 de abril de 1995.
600 1 4 _aMartí, José,
_d1853-1895
_977189
852 _aES-MaACL
_j2136-F-20
999 _c10344
_d10344